00484nam a2200121Ia 45000010005000000080041000050820019000461000121000652450110001862600024002969010027003209990015003473728241024s9999 xx 000 0 und d aRD/907.7/R426m aRepública Dominicana.Ministerio de Educación.Viceministerio de Servicios Técnicos y Pedagógicos. Currículo 0aNuestra escuela celebra el Bicentenario del Naciomiento del Patricio Juan Pablo Duarte y Diez (1813-2013) bSanto Domingoc2013 a7/3/2014 12:01:36 p.m. c7686d7686